| 000 | 00457nam a2200157 a 4500 | ||
|---|---|---|---|
| 001 | 000032532 | ||
| 005 | 20240228135109.0 | ||
| 008 | 110719s19-- dr 000 0 spa d | ||
| 040 |
_aDO-SdBNP _bspa _cBNPHU |
||
| 082 |
_axxxx _bM236c |
||
| 100 | 1 |
_aMalagon, Alberto _948 |
|
| 245 | 1 | 0 |
_aCómo se hace un seminario o una tesis / _cAlberto Malagón. |
| 260 |
_aSanto Domingo : _bPublicaciones América, _c[19--?]. |
||
| 300 |
_a48 p. ; _c27 cm. |
||
| 049 | _aBNPD | ||
| 999 |
_c32023 _d32023 |
||